Exploring tourists' perceptions of sustainable tourism a bibliometric approach

Bibliographic Details
Main Authors: Sarkar Apurba
Popova Rosina
Format: Book part
Published: Budapesti Gazdaságtudományi Egyetem Budapest, Magyarország 2026
Series:ESG - Risk Management or New Sustainability? VIII.BUEB International Sustainability Student ConferenceProceedings - Budapest University of Economics and Business 2025
Subjects:
doi:10.29180/978-615-6886-27-9_12

Kulcsszavak:Sustainable tourism
Tourists' Perceptions
Tourism Research
Tourist Behaviour
Bibliometric Study
Online Access:http://publikaciotar.uni-bge.hu/2642

MARC

LEADER 00000naa a2200000 i 4500
001 publ2642
005 20260326123034.0
008 260326s2026 hu o 000 zxx d
020 |a 978-615-6886-27-9 
024 |a 10.29180/978-615-6886-27-9_12  |2 doi 
040 |a BGE Publikációtár Repozitórium  |b hun 
100 1 |a Sarkar Apurba 
245 1 0 |a Exploring tourists' perceptions of sustainable tourism  |b a bibliometric approach  |c Sarkar Apurba  |h [elektronikus dokumentum] 
260 |a Budapesti Gazdaságtudományi Egyetem  |b Budapest, Magyarország  |c 2026 
300 |a 1-27 
490 0 |a ESG - Risk Management or New Sustainability? VIII.BUEB International Sustainability Student ConferenceProceedings - Budapest University of Economics and Business 2025 
650 4 |a regionális tudományok 
695 |a Sustainable tourism 
695 |a Tourists' Perceptions 
695 |a Tourism Research 
695 |a Tourist Behaviour 
695 |a Bibliometric Study 
700 1 |a Popova Rosina  |e aut 
856 4 0 |u https://publikaciotar.uni-bge.hu/id/eprint/2642/1/SUS%20Conference%20Proceedings%20-%20ESG%20Risk%20Managenemt_12.cikk.pdf  |z Dokumentum-elérés